LEADER 01154nam0 22002891i 450 001 UON00427441 005 20231205104853.78 100 $a20130621d1955 |0itac50 ba 101 $aeng 102 $aGB 105 $a|||| 1|||| 200 1 $aPoetry & Prose$fWalter Savage Landor$gwith Swinburn's poems and essays by Ernest De Selincourt$bet al.] 210 $aOxford$cClarendon$d1955 215 $axxxvi, 185 p.$d19 cm. 606 $aPOESIA INGLESE$x1892-1935$xAntologie$3UONC077962$2FI 620 $aGB$dOxford$3UONL000029 676 $a821.91$cPoesia inglese, 1900-1999$v21 700 1$aLANDOR$bSavage Walter$3UONV119222$0679944 701 1$aSWINBURNE$bAlgernon Charles$3UONV120091$0168128 702 1$aDE_SELINCOURT$bErnest$3UONV172119 712 $aClarendon Press$3UONV246509$4650 801 $aIT$bSOL$c20240220$gRICA 899 $aSIBA - SISTEMA BIBLIOTECARIO DI ATENEO$2UONSI 912 $aUON00427441 950 $aSIBA - SISTEMA BIBLIOTECARIO DI ATENEO$dSI Angl V A LAN 003 $eSI MR 48115 5 003 $sBuono 996 $aPoetry & Prose$91337716 997 $aUNIOR LEADER 00713oam 22002653u 450 001 9910131160703321 005 20250511160221.0 010 $a1-55441-107-6 035 $a(CKB)3680000000167778 035 $a(EXLCZ)993680000000167778 100 $a20220128d2004|||| ||s | 101 0 $afre 200 10$aDiscours de la méthode 210 $cProject Gutenberg 608 $aFR Philosophie, Religion et Morale 608 $aHarvard Classics 608 $aPhilosophy 608 $aFR Sciences et Techniques 700 $aDescartes$b René$f1596-1650$0340660 801 0$bUtSlPG 801 1$bIL-JeEL 906 $aBOOK 912 $a9910131160703321 996 $aDiscours de la méthode$912998 997 $aUNINA